00233nam a22000857a 4500020002200000050001300022245003400035250001100069260006700080 a978-986-97417-6-7 a783.3886 a林榮三與台灣c鄧蔚偉 a初版 a新北市b財團法人林榮三文化公益基金會c2025.12